Production of biodiesel from rubber seeds (Hevea brasiliensis) by in situ transesterification method (Record no. 65825)

MARC details
000 -LEADER
fixed length control field 00541nam a2200181Ia 4500
100 ## - MAIN ENTRY--AUTHOR NAME
Personal name Abdulkadir B A
245 #0 - TITLE STATEMENT
Title Production of biodiesel from rubber seeds (Hevea brasiliensis) by in situ transesterification method
260 ## - PUBLICATION, DISTRIBUTION, ETC. (IMPRINT)
Name of publisher Journal of the Japan Institute of Energy
Year of publication 2015
300 ## - PHYSICAL DESCRIPTION
Number of Pages 763-768
500 ## - GENERAL NOTE
General note Source Year: 2015
650 ## - SUBJECT ADDED ENTRY--TOPICAL TERM
Topical Term Biodiesel
650 ## - SUBJECT ADDED ENTRY--TOPICAL TERM
Topical Term FAME
650 ## - SUBJECT ADDED ENTRY--TOPICAL TERM
Topical Term In situ
650 ## - SUBJECT ADDED ENTRY--TOPICAL TERM
Topical Term Rubber seed
856 ## - ELECTRONIC LOCATION AND ACCESS
Uniform Resource Identifier copy of online article
942 ## - ADDED ENTRY ELEMENTS (KOHA)
Koha item type Journals
Holdings
Withdrawn status Lost status Damaged status Not for loan Home library Current library Shelving location Date acquired Serial Enumeration / chronology Koha item type
      Journals RRII Library RRII Library Rubber seed 01/01/2015 Volume 94, Issue Journals